Al-Khutbat-Al-Ahmadiaya (Record no. 4059)
[ view plain ]
| 000 -LEADER | |
|---|---|
| fixed length control field | 00569nam a2200241 a 4500 |
| 020 ## - INTERNATIONAL STANDARD BOOK NUMBER | |
| ISBN | |
| 082 00 - DEWEY DECIMAL CLASSIFICATION NUMBER | |
| Classification number | 297.09 |
| Author Cutter | KHA2 |
| 100 ## - MAIN ENTRY--AUTHOR NAME | |
| Author name | Khan, Syed Ahmed |
| 245 ## - TITLE STATEMENT | |
| Title | Al-Khutbat-Al-Ahmadiaya |
| 260 ## - PUBLICATION, DISTRIBUTION, ETC. (IMPRINT) | |
| Place of publication | Lahore |
| Name of publisher | Matba Noolkishore |
| Year of publication | 1870 |
| 300 ## - PHYSICAL DESCRIPTION | |
| Number of Pages | 752p. |
| 500 ## - GENERAL NOTE | |
| General note | includes index and biblioraphy |
| 505 2# - FORMATTED CONTENTS NOTE | |
| Formatted contents note | ill. |
| 650 ## - SUBJECT ADDED ENTRY--TOPICAL TERM | |
| Topical Term | Islam-Origin |
| 942 ## - ADDED ENTRY ELEMENTS (KOHA) | |
| Koha item type | Books |
| 700 1# - | |
| -- | Khan, Syed Ahmed |
| Collection code | Home library | Current library | Date acquired | Cost, normal purchase price | Full call number | Accession Number | Koha item type |
|---|---|---|---|---|---|---|---|
| Henry Martyn Institute Library | Henry Martyn Institute Library | 07/25/2007 | 100.00 | 297.09 KHA2 | 06222 | Books |
